Central Library OPAC University of Rajshahi

Community structure and decision-making : (Record no. 57404)

MARC details
000 -LEADER
fixed length control field 00938nam a2200265 a 4500
001 - CONTROL NUMBER
control field 57404
003 - CONTROL NUMBER IDENTIFIER
rucl marc code BD-RjUL
005 - DATE AND TIME OF LATEST TRANSACTION
control field 20211209080515.0
008 - FIXED-LENGTH DATA ELEMENTS--GENERAL INFORMATION
fixed length control field 161208s1968 caua b 000 0 eng d
035 ## - SYSTEM CONTROL NUMBER
System control number (BD-RjUL)57528
040 ## - CATALOGING SOURCE
Original cataloging agency DLC
Transcribing agency DLC
Modifying agency EQO
Language of cataloging eng
041 ## - LANGUAGE CODE
Language code of text/sound track or separate title eng
082 ## - DEWEY DECIMAL CLASSIFICATION NUMBER
Classification number 658.403
Edition number 23
Author mark and year COM 1968
100 1# - MAIN ENTRY--PERSONAL NAME
Personal name Clark, Terry Nichols,
Dates associated with a name 1940-
9 (RLIN) 170479
245 10 - TITLE STATEMENT
Title Community structure and decision-making :
Remainder of title comparative analyses. /
Statement of responsibility, etc. Edited by Terry N. Clark
260 ## - PUBLICATION, DISTRIBUTION, ETC. (IMPRINT)
Place of publication, distribution, etc. San Francisco :
Name of publisher, distributor, etc. Chandler Pub. Co.; [distributed by Science Research Associates,
Date of publication, distribution, etc. 1968
300 ## - PHYSICAL DESCRIPTION
Pagination xi, 498 p. :
Illustrations illus. ;
Size 24 cm
490 ## - SERIES STATEMENT
Series statement Chandler publications in anthropology and sociology
504 ## - BIBLIOGRAPHY, ETC. NOTE
Bibliography, etc Includes bibliographical references
650 #0 - SUBJECT ADDED ENTRY--TOPICAL TERM
Topical term or geographic name as entry element Decision making
9 (RLIN) 170351
Topical term or geographic name as entry element Community power
9 (RLIN) 170419
830 #0 - SERIES ADDED ENTRY--UNIFORM TITLE
Uniform title Chandler publications in anthropology and sociology
942 ## - ADDED ENTRY ELEMENTS (KOHA)
Source of classification or shelving scheme Dewey Decimal Classification
Koha item type Books
Holdings
Lost status Source of classification or shelving scheme Damaged status Not for loan Collection code Permanent Location Current Location Shelving location Date acquired Total Checkouts Full call number Date last seen Copy number Koha item type
  Dewey Decimal Classification   Not For Loan Non-fiction Central Library, University of Rajshahi Central Library, University of Rajshahi Reading Room 12/05/1991   658.403 COM 1968 08/12/2016 C-1 Books